|
|
|
|
| LEADER |
00580cam a2200193 7i4500 |
| 001 |
0000005124 |
| 005 |
19991025090000.0 |
| 002 |
##000006715 |
| 020 |
0 |
0 |
|a 1-85334-275-04
|
| 090 |
0 |
0 |
|a EURO 381.1
|b MUL
|
| 100 |
1 |
0 |
|a Mullineux
|
| 245 |
1 |
0 |
|a Car retailing in Europe :
|b opportunities for the next decade.
|
| 260 |
0 |
0 |
|a London:
|b Pearson Professional,
|c 1995.
|
| 300 |
0 |
0 |
|a 160 p..
|
| 440 |
0 |
0 |
|a Financial Times Management Reports
|
| 650 |
0 |
0 |
|a Car retailing
|
| 650 |
0 |
0 |
|a Retail trade --
|x Automobiles
|
| 651 |
0 |
0 |
|a Europe
|
| 999 |
|
|
|a 0000007297
|b Book
|c Open shelf
|e Business Information Centre
|